Establecimiento de un criadero de cocodrilos con fines de explotación

El estudio conlleva el establecimiento de un criadero en el país con fines comerciales. Para su realización se hicieron evaluaciones en los distintos mercados potenciales importadores de pieles y derivados para determinar la viabilidad comercial del producto. Así mismo se presenta los análisis c...

Full description

Bibliographic Details
Main Authors: García Reyes, Claudia Patricia, Mercado Ortega, Carmen Cecilia
Other Authors: Tutor: Centeno Caffarena, Leonardo
Format: Tesis Section = Libro
Language:Undetermined
Spanish
Published: Managua UNI 1998
Subjects:
LEADER 01207nam a2200241Ia 4500
008 240830s9999 xx 000 0 und d
040 |a BIBLIOTECA-RUPAP Mon 658.404 G216 
041 |a spa 
082 |a Mon 658.404 G216 
100 1 |a García Reyes, Claudia Patricia 
100 1 |b Mercado Ortega, Carmen Cecilia 
245 1 0 |a Establecimiento de un criadero de cocodrilos con fines de explotación 
260 |a Managua  |b UNI  |c 1998 
300 |a 176 p. :il. 
502 |a Tesis (Ingeniero Industrial)- UNI, 1998. 
520 3 |a El estudio conlleva el establecimiento de un criadero en el país con fines comerciales. Para su realización se hicieron evaluaciones en los distintos mercados potenciales importadores de pieles y derivados para determinar la viabilidad comercial del producto. Así mismo se presenta los análisis correspondientes para el establecimiento del criadero los que están comprendidos por el estudio de mercado, el estudio técnico y estudio económico y financiero. 
650 7 |a ADMINISTRACIÓN DE PROYECTOS 
650 7 |b CRÍA-COCODRILOS 
650 7 |c INDUSTRIA-ANIMALES 
700 1 |a Tutor:  |b Centeno Caffarena, Leonardo 
942 |c BK  |2 ddc 
991 |a TESIS 
999 |c 17343